[Event "British Rapidplay"]
[Site "Peterborough"]
[Date "2024.03.02"]
[Round "2"]
[White "George, Matthew P"]
[Black "Zeynalli, Nial"]
[Result "1-0"]
[WhiteElo "1999"]
[BlackElo "1562"]
[PlyCount "95"]
[EventDate "2024.03.02"]
[EventType "swiss (rapid)"]
[EventRounds "11"]
[EventCountry "ENG"]
[SourceTitle "CB10_2024"]
[SourceDate "2024.03.06"]
[SourceVersion "1"]
[SourceVersionDate "2024.03.06"]
[SourceQuality "1"]

1. d4 Nf6 2. Nc3 d5 3. Bf4 c5 4. e4 Nxe4 5. Nxe4 dxe4 6. dxc5 Qa5+ 7. c3 Qxc5 8. Qa4+ Nc6 9. Qxe4 g6 10. Nf3 Bg7 11. Rd1 Bf5 12. Qa4 0-0 13. Be2 Rfd8 14. 0-0 Bd7 15. Qc4 Qxc4 16. Bxc4 Bg4 17. h3 Bxf3 18. gxf3 e6 19. Kg2 Na5 20. Be2 Nc6 21. Bc4 Rac8 22. Bg5 Rxd1 23. Rxd1 h6 24. Be3 Ne5 25. Be2 a6 26. f4 Nc4 27. Bc1 b5 28. h4 Bf6 29. h5 Kg7 30. hxg6 Kxg6 31. Bd3+ Kg7 32. Be4 Rc7 33. f5 h5 34. fxe6 fxe6 35. Bf3 h4 36. Bg4 e5 37. Rd7+ Rxd7 38. Bxd7 Nd6 39. Kf3 Kf7 40. Kg4 Ke7 41. Bc6 Kd8 42. f3 Kc7 43. Bd5 Nc4 44. b3 Nb6 45. Be4 Nd7 46. Be3 a5 47. Bf2 Nc5 48. Bxc5 1-0

[Event "British Rapidplay"]
[Site "Peterborough"]
[Date "2024.03.02"]
[Round "3"]
[White "Zeynalli, Nial"]
[Black "Kumar, Sanjit S"]
[Result "0-1"]
[WhiteElo "1562"]
[BlackElo "1972"]
[PlyCount "96"]
[EventDate "2024.03.02"]
[EventType "swiss (rapid)"]
[EventRounds "11"]
[EventCountry "ENG"]
[SourceTitle "CB10_2024"]
[SourceDate "2024.03.06"]
[SourceVersion "1"]
[SourceVersionDate "2024.03.06"]
[SourceQuality "1"]

1. Nf3 d5 2. e3 c5 3. b3 Nc6 4. Bb2 Nf6 5. Bb5 e6 6. 0-0 Be7 7. d4 cxd4 8. exd4 0-0 9. Nbd2 a6 10. Bxc6 bxc6 11. c4 a5 12. Ne5 Bb7 13. cxd5 cxd5 14. Rc1 Qb6 15. a3 Rac8 16. Qf3 Ba6 17. Rfd1 Rfe8 18. Rxc8 Rxc8 19. Rc1 Rxc1+ 20. Bxc1 Qxd4 21. Nc6 Qc5 22. Nxe7+ Kf8 23. Qd1 Ng4 24. Ne4 Qc7 25. Ng3 Kxe7 26. h3 Nf6 27. Qe1 Kd7 28. Bd2 Qb6 29. Bxa5 Qxb3 30. Bb4 d4 31. Qe5 Qd5 32. Qe1 Bb7 33. f3 d3 34. Qd2 Qd4+ 35. Kh1 h6 36. Bc3 Qd6 37. Bb4 Qxg3 38. Qxd3+ Nd5 39. Qb5+ Bc6 40. Qc5 Qe5 41. Qa7+ Qc7 42. Qc5 Nxb4 43. Qxb4 Bd5 44. Qd2 Qb7 45. Qc1 Ke7 46. Qc5+ Ke8 47. a4 Qb1+ 48. Kh2 Qb8+ 0-1

[Event "London Twickenham U18 op 5th"]
[Site "London"]
[Date "2023.12.02"]
[Round "2"]
[White "Mokhber Garcia, Sebastian"]
[Black "Zeynalli, Nial"]
[Result "1-0"]
[WhiteElo "1622"]
[BlackElo "1342"]
[PlyCount "113"]
[EventDate "2023.12.02"]
[EventType "swiss"]
[EventRounds "5"]
[EventCountry "ENG"]
[SourceTitle "CB50_2023"]
[SourceDate "2023.12.13"]
[SourceVersion "1"]
[SourceVersionDate "2023.12.13"]
[SourceQuality "1"]

1. e4 c5 2. Nf3 d6 3. d4 cxd4 4. Nxd4 Nf6 5. Nc3 Nc6 6. Be2 g6 7. Be3 Bg7 8. Nb3 0-0 9. f3 Be6 10. Qd2 d5 11. exd5 Nxd5 12. Nxd5 Qxd5 13. 0-0-0 Qe5 14. c3 Rfd8 15. Nd4 Nxd4 16. Bxd4 Qd6 17. Bxg7 Qxd2+ 18. Rxd2 Rxd2 19. Kxd2 Kxg7 20. Kc2 Rd8 21. Bd3 Kf6 22. g4 h6 23. h4 Kg7 24. c4 Rc8 25. Kc3 b5 26. b3 f6 27. Kb4 bxc4 28. bxc4 a5+ 29. Kxa5 Bxc4 30. Bxc4 Rxc4 31. a4 Rc3 32. Rf1 Rb3 33. Ka6 Kf7 34. a5 Ke6 35. Ka7 Kd6 36. a6 Kc7 37. Rc1+ Kd7 38. Rc4 e6 39. f4 Rb5 40. Rd4+ Ke7 41. Ka8 Ke8 42. Rd6 Ke7 43. Rd4 Ke8 44. Ra4 Ke7 45. Ka7 Ke8 46. Rc4 Kd7 47. Re4 Kd6 48. Rc4 Kd7 49. Rc1 Ke7 50. Rc8 Kd7 51. Rb8 Ra5 52. Kb6 Ra1 53. a7 Rb1+ 54. Kc5 Rc1+ 55. Kd4 Rd1+ 56. Ke3 Re1+ 57. Kf2 1-0

[Event "London Twickenham U18 op 5th"]
[Site "London"]
[Date "2023.12.02"]
[Round "3"]
[White "Zeynalli, Nial"]
[Black "Koeung, Alexander"]
[Result "1/2-1/2"]
[WhiteElo "1342"]
[BlackElo "1108"]
[PlyCount "120"]
[EventDate "2023.12.02"]
[EventType "swiss"]
[EventRounds "5"]
[EventCountry "ENG"]
[SourceTitle "CB50_2023"]
[SourceDate "2023.12.13"]
[SourceVersion "1"]
[SourceVersionDate "2023.12.13"]
[SourceQuality "1"]

1. Nf3 Nf6 2. g3 Nc6 3. d4 d5 4. Bg2 Bf5 5. c3 e6 6. 0-0 Bd6 7. Qb3 b6 8. Nbd2 0-0 9. Nh4 Bg6 10. Nxg6 fxg6 11. e4 Be7 12. Re1 Qd7 13. exd5 exd5 14. Nf3 Na5 15. Qc2 c6 16. Ne5 Qc7 17. b4 Nb7 18. Nxc6 Bd6 19. b5 a6 20. c4 axb5 21. cxb5 Na5 22. Bd2 Nxc6 23. bxc6 Rac8 24. Rac1 Ba3 25. Rb1 Qxc6 26. Qxc6 Rxc6 27. Bb4 Bxb4 28. Rxb4 Rfc8 29. h3 Rc1 30. Kf1 Rxe1+ 31. Kxe1 Re8+ 32. Kd2 Ne4+ 33. Bxe4 Rxe4 34. f3 Re6 35. Rb5 Rd6 36. Ke3 g5 37. f4 h6 38. fxg5 hxg5 39. Kf3 Kf7 40. Kg4 Kf6 41. Rb2 Re6 42. Rb4 Kg6 43. Kf3 Kf5 44. Rb3 Kg6 45. Re3 Rxe3+ 46. Kxe3 Kf5 47. Kf3 g4+ 48. hxg4+ Kg5 49. a4 g6 50. Kg2 Kxg4 51. Kf2 Kf5 52. Kf3 g5 53. g4+ Ke6 54. Ke3 Kd6 55. Kd3 Kc6 56. Kc3 b5 57. a5 Kb7 58. Kb3 Ka7 59. Ka3 Kb7 60. Kb3 Ka7 1/2-1/2